[Event "West Attica-ch U08"]
[Site "Athens"]
[Date "2009.09.08"]
[Round "1"]
[White "Mpardis, Charilaos"]
[Black "Anthopoulos, Panayiotis"]
[Result "0-1"]
[WhiteElo "1005"]
[BlackElo "1040"]
[PlyCount "49"]
[EventDate "2009.09.08"]
[EventType "swiss"]
[EventRounds "7"]
[EventCountry "GRE"]
[SourceTitle "EXT 2011"]
[Source "ChessBase"]
[SourceDate "2010.11.26"]
[SourceVersion "1"]
[SourceVersionDate "2010.11.26"]
[SourceQuality "1"]

1. e4 e5 2. Nf3 d6 3. h3 Nd7 4. Nc3 Be7 5. Bc4 Ngf6 6. Ng5 0-0 7. d3 c6 8. 0-0 b5 9. Bb3 Bb7 10. a4 a6 11. Qe2 h6 12. Nf3 b4 13. Na2 a5 14. c3 c5 15. cxb4 cxb4 16. Be3 Ba6 17. d4 Bxe2 18. Rfe1 Bd3 19. dxe5 Nxe4 20. Bd5 Rc8 21. Bxe4 Bxe4 22. Bd2 Bh7 23. Bc1 dxe5 24. Be3 Qe8 25. Bc5 0-1